Scripting lives: (Record no. 27468)
[ view plain ]
| 000 -LEADER | |
|---|---|
| fixed length control field | 02825nam a22003977a 4500 |
| 005 - DATE AND TIME OF LATEST TRANSACTION | |
| control field | 20090615153258.0 |
| 008 - FIXED-LENGTH DATA ELEMENTS--GENERAL INFORMATION | |
| fixed length control field | 090512t xxu||||| |||| 00| 0 eng d |
| 010 ## - LCCN (DPL NO) | |
| LC control number | ENG-94011 |
| 020 ## - INTERNATIONAL STANDARD BOOK NUMBER | |
| International Standard Book Number | 9788125036807 |
| Terms of availability | 695.00 |
| 035 ## - SYSTEM CONTROL NUMBER | |
| System control number | EN-77544 |
| 035 ## - SYSTEM CONTROL NUMBER | |
| System control number | B-361509-515 |
| 037 ## - SOURCE OF ACQUISITION | |
| Source of stock number/acquisition | DBAD / PUB |
| 037 ## - SOURCE OF ACQUISITION | |
| Source of stock number/acquisition | Aakar Books |
| 040 ## - CATALOGING SOURCE | |
| Original cataloging agency | dpl |
| Language of cataloging | English |
| 082 ## - DEWEY DECIMAL CLASSIFICATION NUMBER | |
| Classification number | 306.775095433 |
| 100 ## - MAIN ENTRY--PERSONAL NAME | |
| Personal name | Sreekumar, Sharmila |
| 245 ## - TITLE STATEMENT | |
| Title | Scripting lives: |
| Remainder of title | narratives of 'Dominant Women' in Kerala / |
| Statement of responsibility, etc | by Sharmila Sreekumar |
| 260 ## - PUBLICATION, DISTRIBUTION, ETC. (IMPRINT) | |
| Place of publication, distribution, etc | New Delhi |
| Name of publisher, distributor, etc | Orient Blackswan |
| Date of publication, distribution, etc | 2009 |
| 270 ## - ADDRESS | |
| Address | 1/24, Asaf Ali Road, |
| City | New Delhi |
| Postal code | 110002 |
| 300 ## - PHYSICAL DESCRIPTION | |
| Extent | xiii, 312p. |
| Dimensions | 22cm(Hb) |
| 500 ## - GENERAL NOTE | |
| General note | Inclues bibliographical references and Index |
| 500 ## - GENERAL NOTE | |
| General note | Originally presented as the author’s thesis (Ph. D.)--University of Hyderabad. |
| 650 ## - SUBJECT ADDED ENTRY--TOPICAL TERM | |
| Topical term or geographic name as entry element | Women |
| Geographic subdivision | India |
| -- | Kerala |
| General subdivision | Social conditions. |
| 650 ## - SUBJECT ADDED ENTRY--TOPICAL TERM | |
| Topical term or geographic name as entry element | Feminism |
| Geographic subdivision | India |
| -- | Kerala |
| 650 ## - SUBJECT ADDED ENTRY--TOPICAL TERM | |
| Topical term or geographic name as entry element | Women in development |
| Geographic subdivision | India |
| -- | Kerala |
| 942 ## - ADDED ENTRY ELEMENTS (KOHA) | |
| Source of classification or shelving scheme | Dewey Decimal Classification |
| Item type | English Books |
| Call number suffix | SRE |
| Classification part | 306.775095433 |
| Withdrawn status | Lost status | Source of classification or shelving scheme | Damaged status | Not for loan | Collection code | Home library | Current library | Date acquired | Source of acquisition | Cost, normal purchase price | Total Checkouts | Full call number | Barcode | Date last seen | Copy number | Cost, replacement price | Koha item type | Total Renewals |
|---|---|---|---|---|---|---|---|---|---|---|---|---|---|---|---|---|---|---|
| Dewey Decimal Classification | Central Library | Central Library | 06/03/2010 | Aakar Books/I-763/29.10.09/127/16.10.09/29.10.09 | 695.00 | 306.775095433 SRE | B-361509 | 06/03/2010 | 1 | 695.00 | English Books | |||||||
| Dewey Decimal Classification | Not For Loan | Non-fiction | D.B.Act.Division | D.B.Act.Division | 15/06/2009 | DBAD / PUB | 695.00 | 306.775095433 SRE | EN-77544 | 15/06/2009 | 1 | 695.00 | English Books | |||||
| Dewey Decimal Classification | Janak Puri | Janak Puri | 06/03/2010 | Aakar Books/I-763/29.10.09/127/16.10.09/29.10.09 | 695.00 | 2 | 306.775095433 SRE | B-361511 | 14/02/2024 | 1 | 695.00 | English Books | 1 | |||||
| Dewey Decimal Classification | Karol Bagh | Karol Bagh | 06/03/2010 | Aakar Books/I-763/29.10.09/127/16.10.09/29.10.09 | 695.00 | 306.775095433 SRE | B-361514 | 06/03/2010 | 1 | 695.00 | English Books | |||||||
| Dewey Decimal Classification | Patel Nagar | Patel Nagar | 06/03/2010 | Aakar Books/I-763/29.10.09/127/16.10.09/29.10.09 | 695.00 | 306.775095433 SRE | B-361510 | 06/03/2010 | 1 | 695.00 | English Books | |||||||
| Dewey Decimal Classification | Sarojini Nagar | Sarojini Nagar | 06/03/2010 | Aakar Books/I-763/29.10.09/127/16.10.09/29.10.09 | 695.00 | 306.775095433 SRE | B-361512 | 06/03/2010 | 1 | 695.00 | English Books | |||||||
| Dewey Decimal Classification | Shahdara Branch | Shahdara Branch | 06/03/2010 | Aakar Books/I-763/29.10.09/127/16.10.09/29.10.09 | 695.00 | 2 | 306.775095433 SRE | B-361515 | 04/09/2023 | 1 | 695.00 | English Books | ||||||
| Dewey Decimal Classification | Vinoba Puri | Vinoba Puri | 06/03/2010 | Aakar Books/I-763/29.10.09/127/16.10.09/29.10.09 | 695.00 | 3 | 306.775095433 SRE | B-361513 | 02/08/2019 | 1 | 695.00 | English Books |
